000 00742nam0a22002531 4500
001 rc\4654117
005 20250611214541.0
021 _aRU
_b[64-36522]
035 _a(NLR Aleph) 008413849
090 _a9313642
_c9313642
100 _a20130416d1964 |||y0rusy50 ca
101 0 _arus
102 _aRU
105 _ay z |||a|
200 1 _aЖивые маки
_eСтихи и поэма ["На огни"]
210 _aУфа
_cБашкнигоиздат
_d1964
215 _a78 с.
_d14
464 0 _12001#$aНа огни$eПоэма
_tНа огни
700 1 _aПаль
_bР.В.
_f1938-
_gРоберт Васильевич
801 0 _aRU
_bNLR
_gpsbo
801 1 _aRU
_bELAR
_2rusmarc
852 _aNLR
_j64-1/600
942 _cBOOK
980 _aNB